000 00948nam a22002297a 4500
999 _c12159
_d12159
003 AR-CdUCM
008 190408b ||||| |||| 00| 0 spa d
040 _aMUNICIPALIDAD PROVINCIAL DEL CUSCO
_cBIBLIOTECA MUNICIPAL DEL CUSCO
082 _a364 /
_bL18 /
100 _aLombroso, G
_929866
245 _aLa escuela de criminológica positivista /
260 _aMadrid :
_bLa España moderna,
300 _a305 páginas ;
_c22 cm.
440 _aBiblioteca de jurisprudencia, filosofía e historia
_928377
505 _aContenido : Prefacio -- Polémica de Enrique Ferri -- Polémica de Rafael Garofalo, respuesta á Gabelli -- Polemice de Julio Fioretti -- Apéndice a la polémica de del profesor Lombroso ...
650 _aSociales
_928612
650 _aLa escuela criminologíca positivista
_929867
650 _a Criminologíca positivista
_929868
700 _aFerri, Enrique
_929869
942 _2ddc
_cLIBROS
945 _arah
_d08/04/2019